FRANCIS OF ASSISI (Record no. 5176)
[ view plain ]
| 000 -LEADER | |
|---|---|
| fixed length control field | 00607nam a22001457a 4500 |
| 022 ## - INTERNATIONAL STANDARD SERIAL NUMBER | |
| ISSN | 87-7247-430-0 |
| 082 ## - DEWEY DECIMAL CLASSIFICATION NUMBER | |
| Classification number | 200 |
| Item number | ALE/F |
| 100 ## - MAIN ENTRY--AUTHOR NAME | |
| Personal name | ALEX, BEN |
| 245 ## - TITLE STATEMENT | |
| Title | FRANCIS OF ASSISI |
| 260 ## - PUBLICATION, DISTRIBUTION, ETC. (IMPRINT) | |
| Place of publication | DENMARK |
| Name of publisher | SCANDIVANIA PUBLISHING HOUSE |
| Year of publication | 1996 |
| 300 ## - PHYSICAL DESCRIPTION | |
| Number of Pages | 48 |
| 520 ## - SUMMARY, ETC. | |
| Summary, etc | FRANCIS OF ASSISI WAS THE SON OF A WEALTHY ITALIAN MERCHANT. AS A YOUNG MAN, HE RENOUNCED HS INHERITENCE IN ORDER TO FOLLOW CHRIST AND LIVE IN POVERTY FOR REST OF HIS LIFE. FRANCIS IS ONE OF THE GREATEST ROLE MODELS FOR FOLLOWING CHRIST - A BEAUTIFUL EXAMPLE OF TRUST AND EARTHLY FAITH. |
| 650 ## - SUBJECT ADDED ENTRY--TOPICAL TERM | |
| Topical Term | RELIGIOUS |
| Geographic subdivision | DENMARK |
| 942 ## - ADDED ENTRY ELEMENTS (KOHA) | |
| Koha item type | Books |
| Withdrawn status | Lost status | Collection code | Home library | Current library | Shelving location | Date acquired | Source of acquisition | Full call number | Accession Number | Koha item type |
|---|---|---|---|---|---|---|---|---|---|---|
| Non-fiction | Main Library | Main Library | SHELF 15 C-RELIGIOUS | 23/11/2012 | purchase | 200 ALE/F | 06491 | Books |